|
|
|
|
| LEADER |
00000nam0a2200000 4500 |
| 001 |
379177 |
| 005 |
20231123141923.0 |
| 010 |
|
|
|a 978-5-16-015281-3
|
| 035 |
|
|
|a (RuTPU)RU\TPU\retro\36639
|
| 035 |
|
|
|a RU\TPU\book\380271
|
| 035 |
|
|
|a RU\TPU\book\277233
|
| 090 |
|
|
|a 379177
|
| 100 |
|
|
|a 20230710d2023 m y0rusy50 ca
|
| 101 |
0 |
|
|a rus
|
| 102 |
|
|
|a RU
|
| 105 |
|
|
|a a j 001yy
|
| 181 |
|
0 |
|a i
|b e
|
| 182 |
|
0 |
|a n
|
| 183 |
|
0 |
|a nc
|2 RDAcarrier
|
| 200 |
1 |
|
|a Курсовое проектирование деталей машин
|e учебное пособие
|f С. А. Чернавский, К. Н. Боков, И. М. Чернин [и др.]
|
| 203 |
|
|
|a Текст
|b визуальный
|c непосредственный
|
| 205 |
|
|
|a 3-е изд., перераб. и доп.
|
| 210 |
|
|
|a Москва
|c Инфра-М
|d 2023
|
| 215 |
|
|
|a 414 с.
|c ил.
|
| 225 |
1 |
|
|a Высшее образование - Бакалавриат
|
| 283 |
|
|
|a volume
|2 RDAcarrier
|
| 320 |
|
|
|a Список литературы: с. 410
|
| 330 |
|
|
|a Изложены методы расчета приводов, редукторов, передач (зубчатых, червячных, цепных, ременных, планетарных и волновых). Рассмотрены основы конструирования деталей редукторов. Даны примеры проектирования редукторов и передач. Третье издание переработано и дополнено новыми материалами в соответствии с действующими ГОСТами и методами проектирования основных видов механических передач и их деталей.
|
| 606 |
1 |
|
|a Детали машин
|x Курсовое проектирование
|2 stltpush
|3 (RuTPU)RU\TPU\subj\9171
|9 36449
|
| 610 |
1 |
|
|a машины
|
| 610 |
1 |
|
|a кинематический расчет
|
| 610 |
1 |
|
|a редукторы
|
| 610 |
1 |
|
|a зубчатые передачи
|
| 610 |
1 |
|
|a червячные передачи
|
| 610 |
1 |
|
|a планетарные передачи
|
| 610 |
1 |
|
|a волновые передачи
|
| 610 |
1 |
|
|a ременные передачи
|
| 610 |
1 |
|
|a цепные передачи
|
| 610 |
1 |
|
|a валы
|
| 610 |
1 |
|
|a опоры
|
| 610 |
1 |
|
|a конструирование
|
| 610 |
1 |
|
|a муфты
|
| 610 |
1 |
|
|a приводы
|
| 610 |
1 |
|
|a курсовые работы
|
| 610 |
1 |
|
|a курсовые проекты
|
| 610 |
1 |
|
|a учебные пособия
|
| 675 |
|
|
|a 621.81.001.63(075.8)
|v 4
|z rus
|
| 701 |
|
1 |
|a Чернавский
|b С. А.
|g Сергей Александрович
|4 070
|
| 701 |
|
1 |
|a Боков
|b К. Н.
|g Кирилл Николаевич
|4 070
|
| 701 |
|
1 |
|a Чернин
|b И. М.
|g Илья Моисеевич
|4 070
|
| 701 |
|
1 |
|a Ицкович
|b Г. М.
|4 070
|
| 701 |
|
1 |
|a Козинцов
|b В. П.
|4 070
|
| 801 |
|
1 |
|a RU
|b 63413507
|c 20180419
|
| 801 |
|
2 |
|a RU
|b 63413507
|c 20230710
|g RCR
|
| 942 |
|
|
|c BK
|